000 00321nam a22001457a 4500
008 221130b ||||| |||| 00| 0 eng d
020 _a9781259923579
041 _aeng
080 _2FIFTH EDITION
_a611
082 _a611 MCK
100 _a10
101 _aANAT
245 _aHUMAN ANATOMY
_cMCKINLEY
942 _2udc
_cBK
999 _c59038
_d59038